000 00635nam a2200193 a 4500
005 20240910063926.0
008 090827s2007 es r 000 0 spa d
020 _a9788498250169
035 _aUPN01000172105
049 _aI
050 4 _aPZ33
_bG7.5
100 1 _aGrimm, Jakob,
_d1785-1863
_932344
245 1 0 _aMis cuentos preferidos de los hermanos Grimm /
_cJacob Grimm, Wilhelm Grimm ; il. Joma ; tr. Jimena Licitra.
260 _aBarcelona, Esp. :
_bCombel,
_c2007.
300 _a191 p. :
_bil. col.
650 4 _aCuentos infantiles alemanes
_98589
700 1 _aGrimm, Wilhelm,
_d1786-1859
_ecoaut.
_932345
905 _aInfantil
999 _c144209
_d144209